Prague colloquial Czech

Titel: Prague colloquial Czech : a case study in code-switching / Louise B. Hammer
Verfasser:
Veröffentlicht: Ann Arbor : University Microfilms International, 1987
Umfang: VII, 126 S.
Format: Buch
Sprache: Englisch
Hochschulschrift: Zugl.: [Bloomington, Indiana], Indiana Univ., Diss., 1985
Kein Bild verfügbar
X
Lokale Klassifikation: 23 10 A ; 23 8 P 451
alg: 905282
001A    $03004:15-11-88 
001B    $01999:28-04-23 $t18:48:26.000 
001C    $03004:29-11-06 $t14:30:06.000 
001D    $09999:99-99-99 
001U    $0utf8 
001X    $00 
002@    $0Aayc 
003@    $0009052828 
003O    $0612194056 $aOCoLC 
007A    $0009052828 $aHEB 
007T    $0Herdhh009052828 
010@    $aeng 
011@    $a1987 $n1987 
015@    $00 
021A    $aPrague colloquial Czech $da case study in code-switching $hLouise B. Hammer 
028A    $7 $8Hammer, Louise B. [Tnx] $9161813240 
033A    $pAnn Arbor $nUniversity Microfilms International 
034D    $aVII, 126 S. 
037C    $aZugl.:  $b[Bloomington $cIndiana], Indiana Univ., Diss., 1985 
045F    $a400 $eDDC23BSB 
045F/01 $a400 
045F/03 $g4371 
045G    $a417.7094371 $eDDC23BSB 
045G/01 $a417.7 
045G/03 $g4371 

lok: 905282 24
101B    $029-11-06 $t14:30:06.000 
145Z/01 $a23 10 A 
145Z/02 $a23 8 P 451 
101U    $0utf8 

exp: 905282 24 1 #EPN
201B/01 $029-11-06 $t14:30:06.000 
203@/01 $0086055011 
208@/01 $a29-11-06 $br 
209A/01 $a23 X A 20 $du $f050 $h23 10 A 20 $x00 
209C/01 $aK 87.5234 $h87 5234 K 
209G/01 $a71697061 $x00 
247C/01 $8358050-7 Marburg, Bibliothek des Herder-Instituts Marburg $9102600961 
201U/01 $0utf8 

lok: 905282 78

exp: 905282 78 1 #EPN
201B/01 $024-11-17 $t23:04:57.000 
201U/01 $0utf8 
203@/01 $079338706X 
208@/01 $a12-11-16 $be 
209A/01 $a/ $f000 $x00 
220C/01 $aAnmerkung: *kko 
237A/01 $aweiterführende Signatur(en): Herder-Institut: 23 X A 20 
244Z/01 $#Tschechien $#Tschechische Republik $#Tschechische Republik $#Tschechenland $#Tschechei Tschechien $#Česká Republika $#Czech Republic $#ČR $74303381-7 $8--Tg1--Tschechien $x01 $9086659812 
244Z/01 $2Trx $#Böhmen $#Bohemia $#Czechy $8--Trx--Čechy $x02 $9391188941 
244Z/01 $2Trx $8--Trx--Monographie $x03 $9391384546 
245Z/01 $a11.07 $x01 
247C/01 $82080>Marburg/Lahn, Herder-Institut, Forschungsbibliothek, Bibliographieportal $9336309341
LEADER 00000cam a22000002c 4500
001 009052828
003 DE-603
005 20230428184826.0
007 tu
008 881115s1987 xx |||| | u00||u|eng c
035 |a (DE-599)HEB009052828 
035 |a (OCoLC)612194056 
040 |a DE-603  |b ger  |c DE-603  |d DE-603 
041 |a eng 
082 0 4 |8 1\u  |a 400  |q DE-101  |2 23/BSB 
083 0 |8 2\u  |a 417.7094371  |q DE-101  |2 23/BSB 
085 |8 1\u  |b 400 
085 |8 1\u  |z 2  |s 4371 
085 |8 2\u  |b 417.7 
085 |8 2\u  |z 2  |s 4371 
100 1 |a Hammer, Louise B.  |0 (DE-603)161813240 
245 0 0 |a Prague colloquial Czech  |b a case study in code-switching  |c Louise B. Hammer 
264 1 |a Ann Arbor  |b University Microfilms International  |c 1987 
300 |a VII, 126 S. 
502 |a Zugl.: [Bloomington, Indiana], Indiana Univ., Diss., 1985 
924 0 |9 Mb 50  |a (DE-603)086055011  |b DE-Mb50  |c HES  |d c  |g 23 X A 20 
924 0 |9 2080  |a (DE-603)79338706X  |b DE-2080  |c HES  |d d  |g /